[Event "Championnat de Paris Open Fide"]
[Site "Stade Charléty - 75013 Paris"]
[Date "2015.07.08"]
[Round "5.7"]
[White "Valles, Manuel"]
[Black "O'Sullivan, Thomas"]
[Result "1-0"]
[WhiteElo "2350"]
[BlackElo "2227"]
[PlyCount "73"]
[EventDate "2015.??.??"]

1. d4 Nf6 2. c4 g6 3. f3 d5 4. cxd5 Nxd5 5. e4 Nb6 6. Nc3 Bg7 7. Be3 O-O 8. Qd2
Nc6 9. O-O-O Qd6 10. Kb1 Rd8 11. Nb5 Qd7 12. d5 Ne5 13. Qc2 a6 14. Nxc7 Nbc4
15. Bxc4 Qxc7 16. Bb3 Qxc2+ 17. Kxc2 Bd7 18. Ne2 Rac8+ 19. Kb1 Nc4 20. Bd4 e5
21. Bxc4 Rxc4 22. Be3 Rdc8 23. Rd2 Bf8 24. b3 Rb4 25. Rc2 Rxc2 26. Kxc2 Rb5 27.
Nc3 Ra5 28. Bb6 Ra3 29. Kb2 Bb4 30. Rc1 Kf8 31. Nb1 Ra5 32. a3 Rb5 33. Bc7 Be7
34. a4 Rb4 35. Bxe5 Bxa4 36. Rc8+ Be8 37. d6 1-0

[Event "Championnat de Paris Open Fide"]
[Site "Stade Charléty - 75013 Paris"]
[Date "2015.07.08"]
[Round "5.8"]
[White "Aranovitch, Emiliano"]
[Black "Veys, Vincent"]
[Result "1-0"]
[WhiteElo "2347"]
[BlackElo "2375"]
[PlyCount "117"]
[EventDate "2015.??.??"]

1. e4 e5 2. Nf3 Nc6 3. Bb5 a6 4. Ba4 Nf6 5. O-O Be7 6. Re1 b5 7. Bb3 d6 8. c3
O-O 9. d3 Nb8 10. Nbd2 Nbd7 11. Nf1 Bb7 12. Ng3 Nc5 13. Bc2 Re8 14. d4 Ncd7 15.
a4 c6 16. h3 Bf8 17. Qd3 g6 18. Bb3 Qc7 19. axb5 cxb5 20. Ng5 d5 21. exd5 Nxd5
22. Qf3 N7b6 23. Rxe5 Bd6 24. Rxe8+ Rxe8 25. N3e4 Bf8 26. Bf4 Qd7 27. Be5 Bg7
28. Nc5 Qe7 29. Qxf7+ Qxf7 30. Nxf7 Kxf7 31. Bxg7 Kxg7 32. Nxb7 Re2 33. Ra2 b4
34. c4 Nf4 35. Rxa6 Rxb2 36. Rxb6 Rxb3 37. d5 Nd3 38. d6 Ne5 39. Nc5 Rb1+ 40.
Kh2 Rd1 41. d7 Kh6 42. Rb7 b3 43. Rxb3 Nxd7 44. Rd3 Rxd3 45. Nxd3 Nf8 46. Kg3
Kg5 47. f4+ Kf6 48. Kf3 h5 49. g4 hxg4+ 50. hxg4 Ke6 51. Ke4 Nd7 52. Ne5 Nf6+
53. Kd4 g5 54. fxg5 Ne8 55. Nd3 Nc7 56. Nf4+ Kd6 57. c5+ Kc6 58. g6 Ne8 59. Nh5
1-0

[Event "Championnat de Paris Open Fide"]
[Site "Stade Charléty - 75013 Paris"]
[Date "2015.07.08"]
[Round "5.9"]
[White "Eden, James"]
[Black "Nguyen Chi Minh"]
[Result "1/2-1/2"]
[WhiteElo "2272"]
[BlackElo "2343"]
[PlyCount "72"]
[EventDate "2015.??.??"]

1. e4 e6 2. d4 d5 3. Nd2 Nf6 4. e5 Nfd7 5. c3 c5 6. Bd3 Nc6 7. Ne2 f6 8. Nf4
Qe7 9. exf6 Qxf6 10. Nf3 Bd6 11. Nh5 Qe7 12. O-O g6 13. Ng3 Nf6 14. Qe2 Bd7 15.
a4 c4 16. Bc2 O-O-O 17. Ne5 Be8 18. Re1 Bxe5 19. dxe5 Nd7 20. f4 g5 21. f5
Ndxe5 22. fxe6 Bg6 23. Nf5 Qxe6 24. g4 h5 25. Bxg5 hxg4 26. Ne7+ Nxe7 27. Qxe5
Qxe5 28. Rxe5 Bxc2 29. Rxe7 Rd7 30. a5 Be4 31. Rf1 Rxe7 32. Bxe7 g3 33. hxg3
Kd7 34. Bc5 b6 35. axb6 axb6 36. Bxb6 Rh1+ 1/2-1/2

[Event "Championnat de Paris Open Fide"]
[Site "Stade Charléty - 75013 Paris"]
[Date "2015.07.08"]
[Round "5.10"]
[White "Payen, Arnaud"]
[Black "Picard, Romain"]
[Result "1/2-1/2"]
[WhiteElo "2329"]
[BlackElo "2350"]
[PlyCount "41"]
[EventDate "2015.??.??"]

1. Nf3 Nf6 2. c4 b6 3. g3 c5 4. Bg2 Bb7 5. O-O e6 6. Nc3 a6 7. b3 d6 8. d4 cxd4
9. Qxd4 Nbd7 10. Rd1 Be7 11. e4 Qc8 12. Ba3 Nc5 13. e5 Bxf3 14. Bxf3 dxe5 15.
Qxe5 Ncd7 16. Rxd7 Nxd7 17. Qxg7 Bf6 18. Ne4 Bxg7 19. Nd6+ Kd8 20. Nxf7+ Ke8
21. Nd6+ 1/2-1/2

[Event "Championnat de Paris Open Fide"]
[Site "Stade Charléty - 75013 Paris"]
[Date "2015.07.08"]
[Round "5.11"]
[White "Onkoud, Abdelaziz"]
[Black "Le Ruyet, Leopold"]
[Result "1-0"]
[WhiteElo "2308"]
[BlackElo "2238"]
[PlyCount "117"]
[EventDate "2015.??.??"]

1. d4 Nf6 2. Nf3 e6 3. Bg5 d5 4. e3 h6 5. Bh4 Be7 6. Nbd2 O-O 7. Bd3 b6 8. Ne5
Bb7 9. O-O c5 10. c3 Nc6 11. f4 Ne4 12. Bxe7 Nxe7 13. Rf3 f6 14. Ng4 Nf5 15.
Qe2 c4 16. Bc2 b5 17. Nf2 Nfd6 18. Ndxe4 dxe4 19. Rh3 a5 20. Kh1 Qe8 21. g4 e5
22. dxe5 fxe5 23. f5 Nf7 24. Bxe4 Bxe4+ 25. Nxe4 Ng5 26. Nxg5 hxg5 27. e4 Qc6
28. Rf3 Rad8 29. Raf1 Rf6 30. Kg2 Rfd6 31. R1f2 Kf7 32. Qe3 Rd3 33. Qxg5 Qxe4
34. f6 g6 35. Qh4 Rxf3 36. Qh7+ Kxf6 37. Rxf3+ Ke6 38. Qf7+ Kd6 39. Kf2 Rd7 40.
Qf8+ Kc7 41. Qc5+ Kb7 42. Qxb5+ Kc7 43. Qxa5+ Kb7 44. Qb5+ Kc7 45. b3 cxb3 46.
axb3 Rd2+ 47. Kg3 Qe1+ 48. Kh3 Rd7 49. Qc5+ Kb7 50. Qe3 Qb1 51. Kg2 Qxb3 52.
Qxe5 Rh7 53. Qe4+ Kc7 54. Qf4+ Kc6 55. c4 Qc2+ 56. Rf2 Qb1 57. Qf6+ Kc7 58.
Qe5+ Kd7 59. Rb2 1-0

[Event "Championnat de Paris Open Fide"]
[Site "Stade Charléty - 75013 Paris"]
[Date "2015.07.08"]
[Round "5.12"]
[White "Sochacki, Wojtek"]
[Black "Glicenstein, Asher"]
[Result "1-0"]
[WhiteElo "2302"]
[BlackElo "2213"]
[PlyCount "95"]
[EventDate "2015.??.??"]

1. d4 f5 2. Nf3 Nf6 3. g3 g6 4. Bg2 Bg7 5. O-O O-O 6. Nbd2 d6 7. Re1 Nc6 8. e4
Nxe4 9. Nxe4 fxe4 10. Rxe4 e5 11. Bg5 Qe8 12. dxe5 Nxe5 13. Nxe5 dxe5 14. Qd5+
Qf7 15. Qxf7+ Rxf7 16. Re2 Be6 17. Rd2 c6 18. h3 Rd7 19. Rxd7 Bxd7 20. Rd1 Be6
21. g4 Kf7 22. Be4 Bf6 23. Bxf6 Kxf6 24. Kg2 Ke7 25. Kg3 Rf8 26. f3 Bf7 27. a4
h6 28. h4 Be8 29. a5 Rf6 30. g5 hxg5 31. hxg5 Rd6 32. Rh1 Bf7 33. Rh8 Rd8 34.
Rh6 Rd6 35. Rh8 a6 36. Rb8 Rd7 37. b4 Kd6 38. Rh8 c5 39. c3 cxb4 40. cxb4 Be6
41. Bxg6 Kd5 42. Re8 Bf7 43. Be4+ Kc4 44. Rxe5 Kxb4 45. f4 Bc4 46. f5 Kc3 47.
f6 Kd4 48. Kf4 1-0

[Event "Championnat de Paris Open Fide"]
[Site "Stade Charléty - 75013 Paris"]
[Date "2015.07.08"]
[Round "5.13"]
[White "Rabeyrin, Jean Jacques"]
[Black "Rodriguez, Adrien"]
[Result "0-1"]
[WhiteElo "2219"]
[BlackElo "2274"]
[PlyCount "84"]
[EventDate "2015.??.??"]

1. e4 c5 2. Nf3 e6 3. d4 cxd4 4. Nxd4 a6 5. Bd3 Qc7 6. O-O Nf6 7. Nd2 d6 8. c3
Be7 9. Re1 O-O 10. Nf1 Nbd7 11. Ng3 Nc5 12. Bc2 b5 13. Bg5 Bb7 14. f4 g6 15. e5
Nd5 16. Bh6 Rfd8 17. Qg4 dxe5 18. fxe5 b4 19. c4 Nb6 20. Nf3 Nd3 21. Bxd3 Rxd3
22. b3 Nd7 23. Bf4 Bc5+ 24. Kh1 Bxf3 25. gxf3 Bd4 26. Rad1 Nc5 27. Qg5 Qd8 28.
Qh6 Qf8 29. Qh4 Bc3 30. Nh5 f5 31. Nf6+ Kf7 32. Qxh7+ Qg7 33. Rf1 Rh8 34. Qxg7+
Kxg7 35. Bg3 g5 36. Rxd3 Nxd3 37. Nd7 Rd8 38. Nb6 f4 39. Na4 fxg3 40. hxg3 Ne1
41. Nxc3 bxc3 42. Rxe1 c2 0-1

[Event "Championnat de Paris Open Fide"]
[Site "Stade Charléty - 75013 Paris"]
[Date "2015.07.08"]
[Round "5.14"]
[White "Micottis, Dorian"]
[Black "Louis, Thibault"]
[Result "0-1"]
[WhiteElo "2235"]
[BlackElo "2250"]
[PlyCount "72"]
[EventDate "2015.??.??"]

1. Nf3 Nf6 2. g3 d5 3. Bg2 g6 4. O-O Bg7 5. d4 O-O 6. c4 c6 7. b3 Bf5 8. Bb2
Nbd7 9. Nbd2 Ne4 10. Nh4 Nxd2 11. Qxd2 Be6 12. e4 dxe4 13. Bxe4 Nf6 14. Bg2 Qd7
15. Rfe1 Rad8 16. Nf3 Rfe8 17. a4 Bh3 18. Bxh3 Qxh3 19. Qb4 Rd7 20. Qc5 Ng4 21.
Rad1 Bf6 22. a5 a6 23. Ba1 Red8 24. d5 Qh5 25. Kg2 Bxa1 26. Rxa1 cxd5 27. h3
Nf6 28. Rxe7 dxc4 29. Re5 Qh6 30. Qxc4 Qf8 31. Qc5 Qxc5 32. Rxc5 Rd3 33. Rb1
Ne4 34. Rc7 Rxf3 35. Re1 Rxf2+ 36. Kg1 Rb2 0-1

[Event "Championnat de Paris Open Fide"]
[Site "Stade Charléty - 75013 Paris"]
[Date "2015.07.08"]
[Round "5.15"]
[White "Formento, Paolo"]
[Black "Dionisi, Thomas"]
[Result "1/2-1/2"]
[WhiteElo "2246"]
[BlackElo "2387"]
[PlyCount "29"]
[EventDate "2015.??.??"]

1. d4 f5 2. g3 Nf6 3. Bg2 g6 4. c4 Bg7 5. Nc3 O-O 6. Nf3 d6 7. d5 Na6 8. O-O e5
9. dxe6 Nc5 10. Ng5 Rb8 11. Nf7 Qe7 12. Nh6+ Kh8 13. Nf7+ Kg8 14. Nh6+ Kh8 15.
Nf7+ 1/2-1/2

[Event "Championnat de Paris Open Fide"]
[Site "Stade Charléty - 75013 Paris"]
[Date "2015.07.08"]
[Round "5.16"]
[White "Samoun, Florent"]
[Black "Gantner, Ludovic"]
[Result "0-1"]
[WhiteElo "2244"]
[BlackElo "2213"]
[PlyCount "72"]
[EventDate "2015.??.??"]

1. b4 Nf6 2. Bb2 e6 3. b5 d5 4. Nf3 c6 5. a4 Bd6 6. e3 O-O 7. c4 Re8 8. Qc2 e5
9. c5 Bc7 10. Be2 Nbd7 11. d3 Qe7 12. Ba3 Qe6 13. Nbd2 Qg4 14. bxc6 bxc6 15.
Nxe5 Qxg2 16. Bf3 Qh3 17. Nxc6 Ne5 18. Nxe5 Bxe5 19. Bb2 Bg4 20. Bxg4 Nxg4 21.
Bxe5 Rxe5 22. Qc3 Nxf2 23. Nf1 Rxe3+ 24. Nxe3 Qxe3+ 25. Kf1 Nxh1 26. Kg2 Nf2
27. Re1 Qxd3 28. Qc1 Ne4 29. c6 Rc8 30. c7 h5 31. Kg1 Qd4+ 32. Kh1 Nf2+ 33. Kg2
Nd3 34. Re8+ Rxe8 35. c8=Q Qf2+ 36. Kh1 Rxc8 0-1

[Event "Championnat de Paris Open Fide"]
[Site "Stade Charléty - 75013 Paris"]
[Date "2015.07.09"]
[Round "6.1"]
[White "Sethuraman, SP."]
[Black "Basso, Pier Luigi"]
[Result "1/2-1/2"]
[WhiteElo "2623"]
[BlackElo "2439"]
[PlyCount "59"]
[EventDate "2015.??.??"]

1. d4 d5 2. c4 c6 3. Nf3 Nf6 4. e3 Bg4 5. h3 Bh5 6. Nc3 e6 7. g4 Bg6 8. Ne5
Nbd7 9. Nxg6 hxg6 10. g5 Ne4 11. Nxe4 dxe4 12. Qg4 Bb4+ 13. Kd1 Qa5 14. h4 Qf5
15. Qg3 Bd6 16. Qg2 Qf3+ 17. Kc2 Rh7 18. Bd2 O-O-O 19. Rh3 Qxg2 20. Bxg2 Rdh8
21. Bxe4 Rxh4 22. Rxh4 Rxh4 23. f4 Be7 24. Kd3 Kc7 25. Rh1 Rxh1 26. Bxh1 f6 27.
gxf6 gxf6 28. b4 b5 29. c5 f5 30. Be1 1/2-1/2

[Event "Championnat de Paris Open Fide"]
[Site "Stade Charléty - 75013 Paris"]
[Date "2015.07.09"]
[Round "6.2"]
[White "Renet, Olivier"]
[Black "Roser, Kevin"]
[Result "1-0"]
[WhiteElo "2512"]
[BlackElo "2403"]
[PlyCount "183"]
[EventDate "2015.??.??"]

1. e4 c5 2. Nf3 e6 3. d4 cxd4 4. Nxd4 Nc6 5. Nc3 Qc7 6. Be2 a6 7. O-O Nf6 8.
Be3 Be7 9. f4 d6 10. Qe1 O-O 11. Qg3 Nxd4 12. Bxd4 b5 13. a3 Bb7 14. Kh1 Rad8
15. Rae1 Rd7 16. Bd3 Re8 17. Re2 Qd8 18. Qh3 Bf8 19. e5 dxe5 20. Bxe5 g6 21. f5
Nh5 22. f6 Bd6 23. Qe3 Qc7 24. Bxd6 Qxd6 25. Be4 e5 26. Bxb7 Rxb7 27. g4 Nxf6
28. Qf3 b4 29. axb4 Rxb4 30. Qxf6 Qxf6 31. Rxf6 Rxb2 32. Rc6 a5 33. Kg2 Ra8 34.
Rc4 f5 35. Kg3 Rb4 36. Rxb4 axb4 37. Nd5 Ra3+ 38. Kg2 fxg4 39. Nxb4 Rc3 40. Nd3
h5 41. Nxe5 Kg7 42. Nd3 Kf6 43. Kg3 g5 44. Kf2 h4 45. Ke3 Rc4 46. Rf2+ Ke6 47.
Kd2 Rc8 48. Re2+ Kf6 49. Re4 Kf5 50. Re5+ Kf6 51. Ra5 Rc4 52. Rb5 g3 53. hxg3
hxg3 54. Rb1 Kf5 55. Rg1 Rg4 56. Rg2 Ke4 57. Ke2 Kd5 58. Kf3 Rc4 59. Re2 Rc8
60. Kxg3 Kd4 61. Kg4 Kc3 62. Kxg5 Rf8 63. Kg4 Rf7 64. Nf2 Rd7 65. Kf4 Rd8 66.
Ke3 Rh8 67. Ne4+ Kc4 68. Kd2 Rh4 69. Nf2 Rd4+ 70. Kc1 Rd8 71. Re3 Rf8 72. Nd1
Rf1 73. Rd3 Rh1 74. Kb2 Rh2 75. Ne3+ Kb4 76. Rb3+ Kc5 77. Rc3+ Kb4 78. Rc4+ Kb5
79. Re4 Re2 80. Kc3 Rh2 81. Kb3 Kc5 82. Rc4+ Kb5 83. c3 Rh1 84. Re4 Rb1+ 85.
Kc2 Rh1 86. Re5+ Ka4 87. Kd3 Rh3 88. c4 Kb4 89. Rb5+ Ka4 90. Rb8 Ka5 91. Kd4
Ka6 92. Rb1 1-0

[Event "Championnat de Paris Open Fide"]
[Site "Stade Charléty - 75013 Paris"]
[Date "2015.07.09"]
[Round "6.3"]
[White "Wirig, Anthony"]
[Black "Valles, Manuel"]
[Result "1/2-1/2"]
[WhiteElo "2511"]
[BlackElo "2350"]
[PlyCount "83"]
[EventDate "2015.??.??"]

1. e4 c5 2. Nf3 Nc6 3. Bb5 g6 4. O-O Bg7 5. Re1 Nf6 6. c3 O-O 7. h3 Qb6 8. Bf1
e5 9. d4 exd4 10. e5 Ne8 11. cxd4 cxd4 12. Na3 d6 13. Nc4 Qd8 14. Bg5 f6 15.
exf6 Bxf6 16. Qd2 Bxg5 17. Nxg5 Ng7 18. b4 Rf5 19. Nf3 b5 20. Na5 Nxa5 21. bxa5
Rxf3 22. gxf3 Qf6 23. Re4 Nf5 24. Re8+ Kf7 25. Rae1 Bb7 26. Rxa8 Bxa8 27. Qe2
Bc6 28. Qc2 Qg5+ 29. Kh1 Bxf3+ 30. Kh2 Qf4+ 31. Kg1 Qg5+ 32. Kh2 Qf4+ 33. Kg1
Ne3 34. Qc7+ Kf6 35. Qd8+ Kg7 36. Bxb5 Bd5 37. Qe7+ Kh6 38. Be2 Nf5 39. Qf8+
Kg5 40. Qd8+ Kh6 41. Qf8+ Kg5 42. Qd8+ 1/2-1/2

[Event "Championnat de Paris Open Fide"]
[Site "Stade Charléty - 75013 Paris"]
[Date "2015.07.09"]
[Round "6.4"]
[White "Mouhamad, Joachin"]
[Black "Battaglini, Gabriel"]
[Result "0-1"]
[WhiteElo "2207"]
[BlackElo "2449"]
[PlyCount "184"]
[EventDate "2015.??.??"]

1. e4 e6 2. d4 d5 3. Nc3 Nf6 4. Bg5 dxe4 5. Nxe4 Be7 6. Bxf6 gxf6 7. Nf3 f5 8.
Nc3 Qd6 9. Qd2 a6 10. O-O-O b5 11. Qh6 Nd7 12. g3 Bb7 13. Bg2 O-O-O 14. Rhe1 b4
15. Ne2 Nf6 16. h3 Ne4 17. Qe3 Bf6 18. Nf4 Qb6 19. Nh5 Bd5 20. Nxf6 Nxf6 21. a3
Rhg8 22. Bh1 Ne4 23. axb4 Qxb4 24. Ne5 Qa5 25. Bxe4 Bxe4 26. Qa3 Qxa3 27. bxa3
Rg7 28. Re3 f6 29. Nc4 Rgd7 30. f3 Ba8 31. Red3 h5 32. h4 Rg7 33. f4 Rdg8 34.
Ne3 Be4 35. Rb3 Rxg3 36. d5 Rxe3 37. Rxe3 exd5 38. c4 dxc4 39. Rd4 Rg4 40. Rxc4
Rxh4 41. Rec3 c6 42. Ra4 Rh1+ 43. Kd2 h4 44. Rxa6 Kb7 45. Ra4 h3 46. Rb3+ Kc7
47. Ra7+ Kd6 48. Rh7 Bg2 49. Rd3+ Kc5 50. Kc3 Rf1 51. Rh4 Ra1 52. Kb2 Re1 53.
a4 Kb4 54. Rd4+ Ka5 55. Rc4 Re2+ 56. Kc3 Bd5 57. Rc5+ Kb6 58. Rxd5 cxd5 59.
Rxh3 Kc5 60. Rh5 d4+ 61. Kd3 Re3+ 62. Kd2 Kc4 63. Rxf5 Ra3 64. Rxf6 Ra2+ 65.
Kc1 Kd3 66. Rh6 Ra1+ 67. Kb2 Re1 68. a5 Re2+ 69. Kc1 Rc2+ 70. Kd1 Ra2 71. Rh3+
Ke4 72. f5 Kxf5 73. Rh4 Ke5 74. Rh3 Kd5 75. Rg3 Kc4 76. a6 Rxa6 77. Rh3 Re6 78.
Kd2 Rf6 79. Rg3 Rf2+ 80. Ke1 Rc2 81. Kd1 Rc3 82. Rg4 Rh3 83. Rg2 Rd3+ 84. Kc1
Rh3 85. Kd2 Ra3 86. Kc1 Kc3 87. Kb1 Rb3+ 88. Kc1 Ra3 89. Kb1 d3 90. Rg8 Rb3+
91. Ka2 Rb4 92. Rg3 Kc2 0-1

[Event "Championnat de Paris Open Fide"]
[Site "Stade Charléty - 75013 Paris"]
[Date "2015.07.09"]
[Round "6.5"]
[White "Shchekachev, Andrei"]
[Black "Van Dongen, Patrick"]
[Result "1-0"]
[WhiteElo "2552"]
[BlackElo "2304"]
[PlyCount "59"]
[EventDate "2015.??.??"]

1. Nf3 Nf6 2. c4 g6 3. b4 Bg7 4. Bb2 O-O 5. e3 b6 6. Be2 c5 7. b5 d5 8. cxd5
Bb7 9. O-O Nbd7 10. Qc2 Nxd5 11. Bxg7 Kxg7 12. Qb2+ f6 13. d4 Re8 14. Nc3 Nxc3
15. Qxc3 e5 16. Rfe1 cxd4 17. exd4 e4 18. Nd2 f5 19. Nc4 Qf6 20. Rac1 Re7 21.
Qb4 h5 22. Nd6 Nf8 23. Nxb7 Rxb7 24. Rc6 Qe7 25. Qc3 Kh7 26. f3 e3 27. f4 Re8
28. Bf3 Rd7 29. d5 Rd6 30. Qe5 1-0

[Event "Championnat de Paris Open Fide"]
[Site "Stade Charléty - 75013 Paris"]
[Date "2015.07.09"]
[Round "6.6"]
[White "Legky, Nikolay A"]
[Black "Aranovitch, Emiliano"]
[Result "1-0"]
[WhiteElo "2420"]
[BlackElo "2347"]
[PlyCount "61"]
[EventDate "2015.??.??"]
[TimeControl "5430"]

1. d4 Nf6 2. Bg5 Ne4 3. Bf4 c5 4. f3 Qa5+ 5. c3 Nf6 6. d5 d6 7. e4 e6 8. Qd2
exd5 9. exd5 Be7 10. c4 Qd8 11. Nc3 O-O 12. Bd3 Nbd7 13. Nge2 Ne5 14. Ng3 Ne8
15. Be2 f5 16. Be3 Bh4 17. O-O Qf6 18. Nh5 Qf7 19. Nf4 Bg5 20. g3 Nc7 21. a4 a6
22. a5 Bd7 23. Rab1 Rae8 24. b4 cxb4 25. Rxb4 Bc8 26. c5 Be7 27. Rb6 Rd8 28.
Bd4 Bf6 29. Rxd6 g5 30. Rxf6 Qxf6 31. Nh5 1-0

[Event "Championnat de Paris Open Fide"]
[Site "Stade Charléty - 75013 Paris"]
[Date "2015.07.09"]
[Round "6.7"]
[White "Nguyen Chi Minh"]
[Black "Rodriguez, Adrien"]
[Result "1/2-1/2"]
[WhiteElo "2343"]
[BlackElo "2274"]
[PlyCount "118"]
[EventDate "2015.??.??"]

1. d4 Nf6 2. c4 e6 3. Nc3 Bb4 4. Bg5 d5 5. Qa4+ Nc6 6. e3 O-O 7. a3 Be7 8. Nf3
h6 9. Bh4 dxc4 10. Bxc4 a6 11. Rc1 Nd7 12. Bxe7 Nxe7 13. Qc2 b5 14. Ba2 Bb7 15.
Ne4 Bxe4 16. Qxe4 c6 17. O-O Re8 18. Bb1 Nf6 19. Qc2 Rc8 20. Rfd1 g6 21. e4 Nd7
22. Qd2 Kg7 23. Qc3 Kg8 24. Qe3 Kg7 25. h4 h5 26. Qc3 Kg8 27. Ng5 Rf8 28. Ba2
Qc7 29. d5 exd5 30. exd5 Qe5 31. Qh3 Nb6 32. dxc6 Rxc6 33. Rxc6 Nxc6 34. Nxf7
Qxb2 35. Qg3 Kg7 36. Rd6 Ne7 37. Ne5 Qxa2 38. Rxg6+ Nxg6 39. Qxg6+ Kh8 40.
Qxh5+ Kg8 41. Qg5+ Kh7 42. Qh5+ Kg8 43. Qg6+ Kh8 44. f4 Qd2 45. Qh5+ Kg7 46.
Qg5+ Kh7 47. Qe7+ Kg8 48. Qe6+ Kg7 49. Qe7+ Kg8 50. Qg5+ Kh7 51. Qh5+ Kg7 52.
Qg4+ Kh7 53. Qg6+ Kh8 54. g3 Qe1+ 55. Kg2 Qe2+ 56. Kh3 Qf1+ 57. Kh2 Qf2+ 58.
Kh3 Qf1+ 59. Kh2 Qf2+ 1/2-1/2

[Event "Championnat de Paris Open Fide"]
[Site "Stade Charléty - 75013 Paris"]
[Date "2015.07.09"]
[Round "6.8"]
[White "Alfred, Nathan"]
[Black "Payen, Arnaud"]
[Result "0-1"]
[WhiteElo "2276"]
[BlackElo "2329"]
[PlyCount "129"]
[EventDate "2015.??.??"]

1. d4 d5 2. Nf3 Nf6 3. c4 dxc4 4. g3 e6 5. Bg2 Bb4+ 6. Bd2 a5 7. O-O Nc6 8. Na3
Bxa3 9. bxa3 Nxd4 10. Ne5 O-O 11. Nxc4 e5 12. Nxa5 e4 13. Nb3 Bg4 14. f3 Be6
15. Bb4 Nxb3 16. axb3 Qxd1 17. Rfxd1 Rfc8 18. fxe4 Ng4 19. Rd3 Ne5 20. Rc3 b6
21. Be7 c5 22. Bd6 f6 23. a4 Rc6 24. Bxe5 fxe5 25. Rd1 Kf7 26. e3 Ke7 27. Bf1
Rd8 28. Rxd8 Kxd8 29. b4 Rc7 30. bxc5 Rxc5 31. Rxc5 bxc5 32. Kf2 Bb3 33. Bb5
Kc7 34. Ke2 Bc2 35. a5 h6 36. Kd2 Bxe4 37. Kc3 Bd5 38. Bc4 Bg2 39. Kd2 Bf3 40.
Kd3 Bb7 41. Bf7 Kd6 42. Bc4 Kc7 43. h4 g5 44. hxg5 hxg5 45. e4 Bc6 46. Bd5 Bb5+
47. Bc4 Bc6 48. Ke3 Bd7 49. Kf3 Kb7 50. Ke3 Ka7 51. Kd3 Bc6 52. Ke3 Bd7 53. Kd2
Bc6 54. Bd3 Bd7 55. Kc3 Be6 56. Bb5 Bf7 57. Bc4 Be8 58. Kb3 Bd7 59. Bd3 Be6+
60. Ka4 Bd7+ 61. Bb5 Be6 62. Ka3 Bf7 63. Kb2 Bg6 64. Kc3 Bf7 65. Kd3 0-1

[Event "Championnat de Paris Open Fide"]
[Site "Stade Charléty - 75013 Paris"]
[Date "2015.07.09"]
[Round "6.9"]
[White "Philippe, Guillaume"]
[Black "Eden, James"]
[Result "1/2-1/2"]
[WhiteElo "2309"]
[BlackElo "2272"]
[PlyCount "96"]
[EventDate "2015.??.??"]

1. e4 e5 2. Nc3 Nf6 3. g3 d5 4. exd5 Nxd5 5. Bg2 Nxc3 6. bxc3 Nc6 7. Nf3 Bc5 8.
O-O O-O 9. Re1 Qf6 10. Rb1 Rb8 11. Qe2 Be6 12. a4 Rfe8 13. d3 Bg4 14. h3 Bh5
15. g4 Bg6 16. Nd2 Qh4 17. Rb5 Bb6 18. Nc4 a6 19. Rb1 Bc5 20. Be3 Bd6 21. Rb2
f5 22. Reb1 e4 23. dxe4 fxg4 24. Qxg4 Qxg4 25. hxg4 Bxe4 26. Nxd6 cxd6 27. Rxb7
Rxb7 28. Rxb7 Bxg2 29. Kxg2 Re4 30. Rb6 Rxg4+ 31. Kh3 Rc4 32. Rxa6 Rxc3 33. a5
d5 34. Kg2 d4 35. Bf4 Rxc2 36. Ra8+ Kf7 37. Rc8 d3 38. a6 d2 39. Bxd2 Rxd2 40.
Rxc6 Ra2 41. Kg3 Ra4 42. Rb6 Ke7 43. Kf3 h5 44. Kg3 g5 45. Rh6 h4+ 46. Kh3 Kf7
47. f3 Kg7 48. Rb6 Kf7 1/2-1/2

[Event "Championnat de Paris Open Fide"]
[Site "Stade Charléty - 75013 Paris"]
[Date "2015.07.09"]
[Round "6.10"]
[White "Louis, Thibault"]
[Black "Onkoud, Abdelaziz"]
[Result "1-0"]
[WhiteElo "2250"]
[BlackElo "2308"]
[PlyCount "77"]
[EventDate "2015.??.??"]

1. e4 d6 2. d4 Nf6 3. Nc3 Nbd7 4. Nf3 e5 5. Bc4 Be7 6. a4 O-O 7. O-O c6 8. Re1
b6 9. b3 Bb7 10. Bb2 a6 11. Bd3 Qc7 12. Ne2 Rfe8 13. Ng3 Bf8 14. c4 g6 15. Qd2
Bg7 16. a5 b5 17. Rac1 exd4 18. cxb5 axb5 19. Nxd4 Nc5 20. Ngf5 Bh8 21. e5 dxe5
22. Nh6+ Kf8 23. Ba3 exd4 24. Bxc5+ Kg7 25. Nf5+ Kg8 26. Nh6+ Kg7 27. Bxd4 Re6
28. Ng4 Kg8 29. Nh6+ Kg7 {suite illisible} 30. Ng4 Kg8 31. Bxf6 Rxf6 32. Nxf6+
Bxf6 33. Bxb5 Rxa5 34. Bxc6 Rh5 35. Bxb7 Qxb7 36. Qd6 Kg7 37. Re8 g5 38. Rc6
Rh6 39. Qf8+ 1-0

[Event "Championnat de Paris Open Fide"]
[Site "Stade Charléty - 75013 Paris"]
[Date "2015.07.09"]
[Round "6.11"]
[White "O'Sullivan, Thomas"]
[Black "Sochacki, Wojtek"]
[Result "1/2-1/2"]
[WhiteElo "2227"]
[BlackElo "2302"]
[PlyCount "40"]
[EventDate "2015.??.??"]

1. d4 d5 2. c4 c6 3. Nf3 Nf6 4. Nc3 e6 5. e3 Nbd7 6. Qc2 Bd6 7. g4 h6 8. Rg1 e5
9. cxd5 cxd5 10. Nb5 Bb8 11. g5 hxg5 12. Nxg5 e4 13. Bd2 a6 14. Rc1 Bxh2 15.
Nc7+ Qxc7 16. Qxc7 Bxc7 17. Rxc7 a5 18. Bxa5 Ng8 19. Bb4 Ne7 20. a3 Rh6 1/2-1/2

[Event "Championnat de Paris Open Fide"]
[Site "Stade Charléty - 75013 Paris"]
[Date "2015.07.09"]
[Round "6.12"]
[White "Veys, Vincent"]
[Black "Pruvot, Louis"]
[Result "1-0"]
[WhiteElo "2375"]
[BlackElo "2213"]
[PlyCount "77"]
[EventDate "2015.??.??"]

1. e4 c5 2. Nf3 d6 3. d4 Nf6 4. Nc3 cxd4 5. Nxd4 a6 6. Be2 e6 7. O-O Be7 8. Be3
O-O 9. Kh1 Qc7 10. a4 b6 11. f4 Bb7 12. Bf3 Nbd7 13. Qe2 Rac8 14. Rad1 Nc5 15.
Bg1 Rfd8 16. f5 e5 17. Nb3 Ncd7 18. g4 Qc4 19. Qg2 b5 20. Na5 Qc7 21. Nxb7 Qxb7
22. g5 Ne8 23. f6 Bf8 24. fxg7 Nxg7 25. Nd5 Ne6 26. Be3 Nf4 27. Bxf4 exf4 28.
Bg4 Bg7 29. Nf6+ Kh8 30. Nxd7 Rxd7 31. Bxd7 Qxd7 32. Rxf4 Bxb2 33. Rdf1 Rf8 34.
axb5 axb5 35. Qf3 Kg8 36. Qh5 Qe6 37. Rh4 Qg6 38. Qxg6+ hxg6 39. Rb1 1-0

[Event "Championnat de Paris Open Fide"]
[Site "Stade Charléty - 75013 Paris"]
[Date "2015.07.09"]
[Round "6.13"]
[White "Picard, Romain"]
[Black "Maleki, Manuel"]
[Result "0-1"]
[WhiteElo "2350"]
[BlackElo "2235"]
[PlyCount "58"]
[EventDate "2015.??.??"]

1. e4 c5 2. Nf3 e6 3. d4 cxd4 4. Nxd4 a6 5. Be2 Qc7 6. O-O d6 7. a4 b6 8. f4
Bb7 9. Bf3 Nd7 10. Kh1 Ngf6 11. Nc3 Be7 12. Qe2 h5 13. Be3 g6 14. Rad1 Rc8 15.
Bg1 Qb8 16. e5 dxe5 17. fxe5 Ng4 18. Bxb7 Qxb7 19. Nf3 O-O 20. Bd4 Nh6 21. Ne4
Nf5 22. Bc3 h4 23. Nd6 Bxd6 24. exd6 h3 25. gxh3 b5 26. axb5 axb5 27. Qg2 b4
28. Bd4 e5 29. Bg1 Kg7 {suite illisible} 0-1

[Event "Championnat de Paris Open Fide"]
[Site "Stade Charléty - 75013 Paris"]
[Date "2015.07.09"]
[Round "6.14"]
[White "Gantner, Ludovic"]
[Black "Micottis, Dorian"]
[Result "0-1"]
[WhiteElo "2213"]
[BlackElo "2235"]
[PlyCount "60"]
[EventDate "2015.??.??"]

1. e4 d5 2. exd5 Qxd5 3. Nc3 Qd6 4. d4 Nf6 5. Nf3 g6 6. g3 Bg7 7. Bg2 Qa6 8.
Bf4 c6 9. Qd2 O-O 10. Bh6 Rd8 11. Bxg7 Kxg7 12. Ne2 c5 13. O-O Nc6 14. Rfe1
cxd4 15. Qf4 Qb6 16. Rad1 Bg4 17. Ne5 Bxe2 18. Rxe2 Nxe5 19. Qxe5 Qxb2 20. g4
Kg8 21. g5 Ne8 22. Qxe7 Qxa2 23. Bxb7 Rab8 24. Bc6 Ng7 25. Bd7 Qd5 26. Ba4 Ne6
27. h4 Qf3 28. Rxe6 Qg4+ 29. Kf1 Qxe6 30. Qc7 Qa6+ 0-1

[Event "Championnat de Paris Open Fide"]
[Site "Stade Charléty - 75013 Paris"]
[Date "2015.07.09"]
[Round "6.15"]
[White "Dionisi, Thomas"]
[Black "Rabeyrin, Jean Jacques"]
[Result "1-0"]
[WhiteElo "2387"]
[BlackElo "2219"]
[PlyCount "89"]
[EventDate "2015.??.??"]

1. e4 c5 2. Nf3 d6 3. d4 cxd4 4. Nxd4 Nf6 5. Nc3 a6 6. Be2 e5 7. Nb3 Be7 8. O-O
O-O 9. Be3 Be6 10. Qd2 Nbd7 11. a4 Nb6 12. a5 Nc4 13. Bxc4 Bxc4 14. Rfd1 Rc8
15. Bb6 Qe8 16. f3 Qc6 17. Nc1 Nd7 18. Be3 Rfd8 19. N1a2 Bxa2 20. Rxa2 Nf6 21.
Bg5 h6 22. Bxf6 Bxf6 23. Qe2 Rd7 24. Rd3 Bd8 25. Kf1 Qc4 26. b3 Qe6 27. Nd5 Rc5
28. b4 Rc6 29. Rb3 f5 30. c4 Rf7 31. Rc2 Qg6 32. exf5 Qxf5 33. Re3 Bc7 34. Re4
Bb8 35. Kg1 Ba7+ 36. Kh1 Bd4 37. h3 Rc8 38. Qd3 Qh5 39. Rce2 Qg5 40. Re1 h5 41.
f4 Qd8 42. Qe2 g6 43. f5 Qg5 44. Rxd4 exd4 45. Qe6 1-0